000 00524nam a22001937a 4500
003 OSt
005 20180116183056.0
008 160908b xxu||||| |||| 00| 0 eng d
020 _a07619125225
040 _c0
082 _a658.83 GRE 1998
100 _aThomas L. Greenbaum
245 _aThe Handbook for Focus Group Research
_cThomas L. Greenbaum
250 _a2nd
260 _aNew Delhi
_bSAGE Publication
_c1998
300 _a261 p.
_bHB
440 _aThe Handbook for Focus Group Research
942 _2ddc
_cBK
999 _c351823
_d351823